|
|
|
|
| LEADER |
00000nab a2200000 a 4500 |
| 001 |
vtls000386625 |
| 003 |
SK-MaSNL |
| 005 |
20260304025528.0 |
| 008 |
111202c1990 xo 0 slo |
| 015 |
|
|
|a SNBRB19rr/mm-uuuuu
|
| 035 |
|
|
|a CL0386748
|
| 040 |
|
|
|a SNKBUCL
|b slo
|c SNKBUCL
|e AACR2
|
| 041 |
0 |
|
|a slo
|
| 044 |
|
|
|a xo
|c SK
|
| 080 |
|
|
|a 323.113(73=854):061.61
|2 1981
|
| 080 |
|
|
|a 061.61
|2 1981
|
| 100 |
1 |
|
|a Haviar, Štefan,
|d 1949-
|4 aut
|9 226205
|
| 245 |
1 |
0 |
|a Po mnohých rokoch
|c Štefan Haviar
|
| 300 |
|
|
|b Obr. 3.
|
| 610 |
2 |
7 |
|a Matica slovenská
|2 snkbucl
|9 14662
|
| 650 |
0 |
7 |
|a Slováci v zahraničí
|2 snkbucl
|9 14695
|
| 650 |
0 |
7 |
|a Slovenská liga v Amerike
|2 snkbucl
|9 899144
|
| 651 |
|
7 |
|a 5306
|2 snkbucl
|9 893716
|
| 655 |
|
7 |
|a články z novín a časopisov
|2 snkbucl
|9 267496
|
| 773 |
0 |
|
|t Slovensko
|g Roč. 14, č. 7 (1990), s. 3
|
| 850 |
|
|
|a Slovenská národná knižnica v Martine
|a MTA001
|
| 852 |
|
|
|a SNK
|b KIS3GCP
|
| 958 |
|
|
|a RK
|
| 992 |
|
|
|a RBX
|
| 999 |
|
|
|c 2628343
|d 2630273
|